Cu chulain el valiente /

Guardado en:
Autor Principal: Anónimo
Otros Autores: Pizzi, Elsa; adap., Bernardini, Cristian; il.
Formato: Libro
Publicado: Buenos Aires : Letra Impresa, 2014
Series:La Puerta Secreta
Materias:
Etiquetas: Agregar Etiqueta
Sin Etiquetas, Sea el primero en etiquetar este registro!
LEADER 00916nam a22002895a 4500
001 CEM.cems015085
005 20190926154327.0
008 130507s2014##################000#0#####d
003 CEMS
020 |a 9789871565528 
082 0 4 |a 891.623 
100 1 |a Anónimo 
245 1 0 |a Cu chulain el valiente /  |c Adaptado Por Elsa Pizzi ; ilustrado Por Cristian Bernardini 
260 |a Buenos Aires :  |b Letra Impresa,  |c 2014 
300 |a 116 p. 
490 0 |a La Puerta Secreta 
500 |a Leyenda Heroica más representativa de la cultura Celta 
653 |a Literatura 
653 |a Literatura celta 
653 |a Literatura infantil 
653 |a Leyenda infantil 
653 |a Leyenda 
653 |a Leyenda heroica 
653 |a Colección ciencias de la educación 
700 1 |a Pizzi, Elsa; adap. 
700 1 |a Bernardini, Cristian; il. 
859 |a CEMS  |b BIB. CEMS - Ccias. Educacion  |h 891.623  |i C891  |k CE  |p 28053.19  |t Ej.1